000
00302nam a22001337a 4500
082
_a
823
_b
CLA/H
245
_a
THE HAPPY PRINCE
_b
SHORT STORY
246
_a
THE HAPPY PRINCE
_b
SHORT STORY
250
_a
2003
260
_a
DELIHI
_b
CLASSIC BOOKS
_c
2003
300
_a
214
520
_a
SHORT STORY
942
_c
BK
999
_c
296
_d
296